Động hóa học
Gespeichert in:
| 1. Verfasser: | |
|---|---|
| Format: | Sách |
| Sprache: | Undetermined |
| Veröffentlicht: |
Bách khoa - Hà Nội
2008
|
| Schlagworte: | |
| Tags: |
Tag hinzufügen
Keine Tags, Fügen Sie den ersten Tag hinzu!
|
| Thư viện lưu trữ: | Trung tâm Thư viện - Trường Đại học Công nghiệp TP. Hồ Chí Minh |
|---|
| LEADER | 00524nam a2200157Ia 4500 | ||
|---|---|---|---|
| 001 | UIH_02509 | ||
| 008 | 231011s9999 xx 000 0 und d | ||
| 082 | |a 541.39 | ||
| 100 | |a Lê, Cộng Hòa | ||
| 245 | 0 | |a Động hóa học | |
| 245 | 0 | |c Lê, Cộng Hòa | |
| 260 | |b Bách khoa - Hà Nội | ||
| 260 | |c 2008 | ||
| 650 | |a Phản ứng hóa học; Động học hóa học; | ||
| 927 | |a Sách | ||
| 980 | |a Trung tâm Thư viện - Trường Đại học Công nghiệp TP. Hồ Chí Minh | ||